000 00872 am a22002415a 4500
001 ocn243740457
003 OSt
005 20201128024046.0
008 080813t2008 enka frb 001 0 eng d
020 _a9781420079708
040 _aYDXCP
_cYDXCP
_dEUN
_dBAKER
_dBWX
_dBWK
_dMEAUC
_dIAY
_dEG-ScBUE
_beng
082 0 4 _222
_a621.312429
_bMAT
245 0 0 _aMaterials for fuel cells /
_cedited by Michael Gasik.
260 _aCambridge :
_bWoodhead Pub. and Maney Pub. on behalf of the Institute of Materials, Minerals & Mining ;
_aBoca Raton :
_bCRC Press,
_cc.2008.
300 _axiii, 498 p. :
_bill. ;
_c24 cm.
490 0 _aWoodhead Publishing in materials
504 _aIncludes bibliographical references and index.
650 7 _aFuel cells.
_2BUEsh
_92638
651 _2BUEsh
653 _bENGGEN
_cDecember2016
700 1 _aGasik, Michael,
_d1962-
_eeditor.
942 _2ddc
999 _c23504
_d23476